000 00517nam a2200181Ia 4500
008 090124s9999 xx 000 0 und d
082 _b22545
_a596
100 _aगोळे प्रकाश
245 _a चक्रवाक देशी
250 _a1
260 _c1978
300 _a132
600 _aगोळे प्रकाश
630 _a चक्रवाक देशी
700 _aगोळे प्रकाश
730 _a चक्रवाक देशी
942 _cBOOK
999 _c136174
_d136174